Statistics for Smite Assassins

Click here to take the quiz!

General Stats

  • This quiz has been taken 282 times
  • The average score is 12 of 15

Answer Stats

HintAnswer% Correct
Fastest God AliveMercury
97%
Spider QueenArachne
96%
Releases the CatsBastet
93%
The Giant DogFenrir
91%
The Feaster BunnyBakasura
87%
Annoying Late Game Split PushLoki
87%
Looks like a GirlNe Zha
82%
Has a Special ItemRatatoskr
82%
"Go Soku"Awilix
74%
The Half Health AbilityThanatos
73%
Spin to WinThor
71%
Best Team Fight UltimateHun Batz
69%
Late Game CarryKali
67%
Killer of TanksNemesis
60%
Impossible to CatchSerqet
57%

Score Distribution

Percentile by Number Answered

Percent of People with Each Score

Your Score History

You have not taken this quiz